| 000 | 00692nam a2200181 a 4500 | ||
|---|---|---|---|
| 001 | 000046022 | ||
| 005 | 20240228125930.0 | ||
| 008 | 150611s2014 dr 001 0 spa d | ||
| 020 | _a978993469193 | ||
| 040 |
_aDO-SdBNP _bspa _cBNPHU |
||
| 100 | 1 |
_aFornerín, Miguel Ángel, _d1960- _922504 |
|
| 245 | 1 | 3 |
_aLa escritura de Pedro Mir / _cMiguel Ángel Fornerín. |
| 260 |
_aSan Juan, Puerto Rico, : _bCentro de Estudios Avanzados de Puerto Rico y el Caribe, _c2014. |
||
| 300 |
_a348 p. ; _c23 cm. |
||
| 500 | _aIncluye referencias bibliográficas y notas al pie de las páginas | ||
| 500 | _aIncluye datos biografícos del autor en la solapa de la cubierta | ||
| 590 | _aInventariado, 2019/VM | ||
| 999 |
_c45511 _d45511 |
||